| 000 | 02654nam a22004577i 4500 | ||
|---|---|---|---|
| 003 | DO-SdBNP | ||
| 005 | 20251120073734.0 | ||
| 007 | ta | ||
| 008 | 240708b2023 dr ||||| |||| 00| 0 spa d | ||
| 020 | _a9789945603897 | ||
| 040 |
_aDO-SdBNP _bspa _cBNPHU _erda |
||
| 041 | _aspa | ||
| 082 | 4 |
_a342.7203083 _bA657n _222 |
|
| 100 | 1 |
_aAquino, Tamara Haidée, _eautor _4aut. _985996 |
|
| 245 | 1 | 0 |
_aNación y ciudadanía en la constitución dominicana : _bhacia un nacionalismo cívico / _cTamara Haidée Aquino, Roberto Medina Reyes, Pedro Montilla Castillo [y otros tres] ; presentación, Ramonina Brea. |
| 264 | 4 |
_aSanto Domingo : _bPontificia Universidad Católica Madre y Maestra, _bCentro Universitario de Estudio Político y Sociales, _c©2023. |
|
| 300 |
_a284 páginas ; _c24 cm. |
||
| 336 |
_atexto _btxt _2rdacontent |
||
| 337 |
_asin mediación _bn _2rdamedia |
||
| 338 |
_avolumen _bnc _2rdacarrier |
||
| 490 | 0 | _aCiudadanía y políticas públicas | |
| 500 | _aIncluye nota sobre los autores | ||
| 500 | _aIncluye bibliografía al final de los capítulos | ||
| 500 | _aIncluye referencias bibliográficas y notas al pie de las páginas | ||
| 505 |
_aPresentación -- _tEl ideal republicano en en el constitucionalismo dominicano / _rRoberto Medina Reyes -- _tPatriotismo constitucional republicano / _rAmaury A. Reyes-Torres -- _tLa idea de nación y patria en el informe constituyente de 1844 / _rPedro Montilla Castillo -- _tPor un nacionalismo cívico y liberal del Tribunal Constitucional sentencia n. TC/0168/13 del Tribunal Constitucional / _rTamara Haidée Aquino -- _tNacionalidad, ciudadanía y extranjera / _rTamara Haidée Aquino Veras -- _tEl rol de la ciudadanía liberal / _rJulio José Rojas Báez -- |
||
| 590 | _aInventariado, 2024 /LP | ||
| 650 | 7 |
_aCiudadanía _xAspectos sociales _zRepública Dominicana _987232 |
|
| 650 | 7 |
_aDerechos civiles _zRepública Dominicana _2LEMB _910342 |
|
| 651 |
_aRepública Dominicana _xHistoria constitucional _2LEMB _96486 |
||
| 700 | 1 |
_aMedina Reyes, Roberto, _eautor _4aut. _985997 |
|
| 700 | 1 |
_aMontilla Castillo, Pedro, _eautor _4aut. _985998 |
|
| 700 | 1 |
_aReyes-Torres, Amaury A., _eautor _4aut. _981048 |
|
| 700 | 1 |
_aRojas, julio José, _eautor _4aut. _985999 |
|
| 700 | 1 |
_aSousa Duvergé, Luis Antonio, _eautor _4aut. _981427 |
|
| 700 | 1 |
_aCalzado, Betzaida, _eedición _4aut. _986000 |
|
| 700 | 1 |
_aBrea, Ramonina, _epresentador _98319 _4pr. |
|
| 710 | 2 |
_aPontificia Universidad Católica Madre y Maestra _9843 |
|
| 710 | 2 |
_aCentro Universitario de Estudios Políticos y Sociales (República Dominicana) _954617 |
|
| 910 | _aValidado. Control de calidad MFF | ||
| 942 |
_2ddc _cLBS1 |
||
| 999 |
_c57208 _d57208 |
||